[Event "DEN-chT Xtracon 2017-18"]
[Site "Denmark"]
[Date "2017.12.03"]
[Round "3.8"]
[White "Munk, Kai"]
[Black "Andersen, Thomas Klitgard"]
[Result "1/2-1/2"]
[WhiteElo "2003"]
[BlackElo "2195"]
[Annotator "TA"]
[PlyCount "45"]
[EventDate "2017.??.??"]
[EventType "team-tourn"]
[EventCountry "DEN"]
[SourceTitle "playchess.com"]
[Source "ChessBase"]
[SourceQuality "1"]

{[%evp 14,45,0,0,12,-25,-22,-54,-39,-79,-68,-79,-75,-87,-76,-101,-30,-80,-54,-41,3,-55,19,-29,16,27,24,24,42,36,38,45,69,16]} 1. d4 Nf6 2. Nf3 g6 3. Bf4 Bg7 4. e3 O-O 5. Bc4 c5 6. c3 {A48: 1 d4 Nf6 2 Nf3 g6: Torre, London and Colle Systems} b6 7. O-O d6 8. h3 {LiveBook: 3 Games. The position is equal.} Qc7 $146 ({Predecessor:} 8... Bb7 9. Nbd2 Nc6 10. Bh2 Qc7 11. Rc1 a6 12. Be2 Rac8 13. b4 cxb4 14. cxb4 b5 15. Qb3 Qb6 {½-½ (60) Kunz,K (2247)-Kakageldyev,A (2375) Kamena Vourla 2012}) 9. Na3 a6 10. Qe2 Bb7 11. Rac1 Nbd7 12. Rfd1 b5 13. Bd3 Rac8 14. e4 Qb8 ({Better is} 14... e5 $17 15. Bg5 exd4 16. cxd4 c4) 15. Bb1 Qa8 {[%cal Rf6e4]} 16. d5 Nb6 17. Nc2 (17. b3 $11) 17... Na4 (17... Nh5 $15 18. Bg5 Rfe8) 18. Nce1 b4 19. Qc2 Nb6 20. c4 Nfd7 21. b3 {White is slightly better.} Qb8 22. Qd2 Rfe8 23. Bg3 {Precision: White = 17%, Black = 29%.} ({White should play} 23. Nh2 $14) 1/2-1/2